| 000 | 01026nac a22003137a 4500 | ||
|---|---|---|---|
| 001 | BR8502480 | ||
| 003 | BR-BrBNA | ||
| 005 | 20240105120324.0 | ||
| 008 | 230509b bl.|||m| |||| 00| 0 por d | ||
| 040 |
_aBR-BrBNA _bpor _cBiblioteca Nacional de Agricultura |
||
| 072 | _aH60; F08 | ||
| 090 | _a1410 BR8502480 | ||
| 100 | 1 | _aSouza Filho, B.F. de | |
| 100 | 1 | _aFerreira, J.M. | |
| 100 | 1 | _aValentini, L. | |
| 100 | 1 | _aSilva, J.A. da C. e | |
| 110 | 1 | _aEmpresa de Pesquisa Agropecuaria do Estado do Rio de Janeiro, Niteroi (Brasil) | |
| 245 | 1 | _aEfeito de herbicidas no consorcio feijao cana-de-acucar | |
| 260 | 3 |
_aNiteroi, RJ (Brasil): _c1985. |
|
| 300 | _a3 p. | ||
| 490 |
_aComunicado Tecnico - Empresa de Pesquisa Agropecuaria do Estado do Rio de Janeiro (Brazil) _vno. 152 _xISSN 0100-896X |
||
| 650 | _aFEIJAO | ||
| 650 | _aCANA DE ACUCAR | ||
| 650 | _aERVA DANINHA | ||
| 650 | _aCONTROLE QUIMICO | ||
| 650 | _aHERBICIDA | ||
| 909 |
_a202312 _bLúcia Elande _c55 _dLúcia Elande |
||
| 942 |
_2AGRIS _n0 _cMS |
||
| 999 |
_c278866 _d278866 |
||